<?xml version="1.0" encoding="UTF-8"?>
<record
    xmlns:xsi="http://www.w3.org/2001/XMLSchema-instance"
    xsi:schemaLocation="http://www.loc.gov/MARC21/slim http://www.loc.gov/standards/marcxml/schema/MARC21slim.xsd"
    xmlns="http://www.loc.gov/MARC21/slim">

  <leader>00881nam a22002297a 4500</leader>
  <controlfield tag="003">UA-OsUOA</controlfield>
  <controlfield tag="001"> 124543 </controlfield>
  <controlfield tag="007">ta</controlfield>
  <controlfield tag="008">20170811b un ||||| |||| 00| 0 ukr d</controlfield>
  <datafield tag="090" ind1=" " ind2=" ">
    <subfield code="a">82.09(477)</subfield>
    <subfield code="b">&#x421;38</subfield>
  </datafield>
  <datafield tag="942" ind1=" " ind2=" ">
    <subfield code="c">BK</subfield>
  </datafield>
  <datafield tag="040" ind1=" " ind2=" ">
    <subfield code="a">UA-OsUOA</subfield>
    <subfield code="b">ukr</subfield>
    <subfield code="c">UA-OsUOA</subfield>
    <subfield code="d">UA-OsUOA</subfield>
  </datafield>
  <datafield tag="245" ind1=" " ind2=" ">
    <subfield code="a">&#x421;&#x438;&#x43D; &#x43D;&#x430;&#x440;&#x43E;&#x434;&#x443;, &#x449;&#x43E; &#x432;&#x433;&#x43E;&#x440;&#x443; &#x439;&#x434;&#x435;...</subfield>
    <subfield code="b">&#x43D;&#x430;&#x443;&#x43A;&#x43E;&#x432;&#x438;&#x439; &#x437;&#x431;&#x456;&#x440;&#x43D;&#x438;&#x43A; &#x43F;&#x440;&#x430;&#x446;&#x44C; &#x432;&#x438;&#x43A;&#x43B;&#x430;&#x434;&#x430;&#x447;&#x456;&#x432;, &#x430;&#x441;&#x43F;&#x456;&#x440;&#x430;&#x43D;&#x442;&#x456;&#x432;, &#x441;&#x442;&#x443;&#x434;&#x435;&#x43D;&#x442;&#x456;&#x432; &#x423;&#x436;&#x414;&#x423;, &#x43F;&#x440;&#x438;&#x441;&#x432;&#x44F;&#x447;&#x435;&#x43D;&#x438;&#x439; 140-&#x440;&#x456;&#x447;&#x447;&#x44E; &#x432;&#x456;&#x434; &#x434;&#x43D;&#x44F; &#x43D;&#x430;&#x440;&#x43E;&#x434;&#x436;&#x435;&#x43D;&#x43D;&#x44F; &#x406;. &#x424;&#x440;&#x430;&#x43D;&#x43A;&#x430;</subfield>
    <subfield code="c">&#x440;&#x435;&#x434;&#x43A;&#x43E;&#x43B;.: &#x41B;. &#x413;&#x43E;&#x43B;&#x43E;&#x43C;&#x431;, &#x411;. &#x413;&#x430;&#x43B;&#x430;&#x441;, &#x422;. &#x420;&#x43E;&#x437;&#x443;&#x43C;&#x438;&#x43A;</subfield>
  </datafield>
  <datafield tag="300" ind1=" " ind2=" ">
    <subfield code="a">99 &#x441;.</subfield>
  </datafield>
  <datafield tag="955" ind1=" " ind2=" ">
    <subfield code="a">1</subfield>
  </datafield>
  <datafield tag="041" ind1=" " ind2=" ">
    <subfield code="a">ukr</subfield>
  </datafield>
  <datafield tag="080" ind1=" " ind2=" ">
    <subfield code="a">82.09(477)</subfield>
  </datafield>
  <datafield tag="020" ind1=" " ind2=" ">
    <subfield code="a">966-7242-36-6</subfield>
  </datafield>
  <datafield tag="260" ind1=" " ind2=" ">
    <subfield code="a">&#x423;&#x436;&#x433;&#x43E;&#x440;&#x43E;&#x434;</subfield>
    <subfield code="b">&#x41F;&#x430;&#x442;&#x435;&#x43D;&#x442;</subfield>
    <subfield code="c">1997</subfield>
  </datafield>
  <datafield tag="650" ind1=" " ind2="7">
    <subfield code="a">82 &#x41B;&#x456;&#x442;&#x435;&#x440;&#x430;&#x442;&#x443;&#x440;&#x430;. &#x41B;&#x456;&#x442;&#x435;&#x440;&#x430;&#x442;&#x443;&#x440;&#x43E;&#x437;&#x43D;&#x430;&#x432;&#x441;&#x442;&#x432;&#x43E;</subfield>
    <subfield code="2">UDC</subfield>
  </datafield>
  <datafield tag="999" ind1=" " ind2=" ">
    <subfield code="c">411625</subfield>
    <subfield code="d">411625</subfield>
  </datafield>
  <datafield tag="952" ind1=" " ind2=" ">
    <subfield code="0">0</subfield>
    <subfield code="1">0</subfield>
    <subfield code="2">udc</subfield>
    <subfield code="4">0</subfield>
    <subfield code="7">0</subfield>
    <subfield code="8">C_ZHULYNSKYI</subfield>
    <subfield code="a">101</subfield>
    <subfield code="b">101</subfield>
    <subfield code="d">2017-08-11</subfield>
    <subfield code="e">32/2017</subfield>
    <subfield code="g">15.00</subfield>
    <subfield code="i">154578</subfield>
    <subfield code="l">0</subfield>
    <subfield code="o">82.09(477) &#x421;38</subfield>
    <subfield code="p">154578</subfield>
    <subfield code="r">2022-02-06 00:00:00</subfield>
    <subfield code="w">2017-08-11</subfield>
    <subfield code="y">BK</subfield>
  </datafield>
</record>
